000 00880nma a22002177a 4500
005 20210325202041.0
006 g q ||
008 s2550 th tha d
041 _atha
090 _aCD1226
245 1 0 _aPhotoshop CS3 เรียนลัด เป็นเร็ว [CD-ROM]
260 3 _aกรุงเทพฯ :
_bซัคเซส มีเดีย,
_c2550
300 _a1 แผ่น :
_b sd., col.
650 0 4 _aอโดบีโฟโตชอป (โปรแกรมคอมพิวเตอร์)
650 0 4 _aคอมพิวเตอร์กราฟิก
650 0 4 _aโฟโตชอป ซีเอส (โปรแกรมคอมพิวเตอร์)
850 _aNALT
942 _cCD
997 _c000000000054348
_kVC
998 _aนางสาวชัชฎา จูฑะรักษ์
999 _c54348
_d54348